000 00713nam a2200229 a 4500
001 14767
003 BD-RjUL
005 20211208235704.0
008 170530s1964 njua b 001 0 eng d
035 _a(BD-RjUL)14821
040 _aDLC/ICU
_cICU
_dDLC
_dBD-RjUL
_beng
041 _aeng
082 0 0 _a532.0525
_bTHE 1964
_223
245 0 0 _aTheory of laminar flows /
_cEditor, F. K. Moore
260 _aPrinceton, N.J.:
_bPrinceton University Press,
_c1964.
300 _av. :
_bill. ;
_c24 cm.
504 _aIncludes bibliography and index.
505 0 _aVol. 4 -- High speed aerodynamics and jet propulsion.--
650 0 _aLaminar flow.
_927305
700 _aMoore, F. K. ; editor
_9114735
942 _2ddc
_cBK
999 _c14767
_d14767